All 40 Home Run Hitters in Baltimore Orioles History - Statistics

General Stats
  • This quiz has been taken 100 times
  • The average score is 5 of 8
Answer Stats
Years Player % Correct
2013, 2015 Chris Davis
86%
1966 Frank Robinson
84%
1995 Brady Anderson
76%
2024 Anthony Santander
54%
2016 Mark Trumbo
50%
2014 Nelson Cruz
49%
1998 Rafael Palmeiro
48%
1961 Jim Gentile
33%
No matching quizzes found
Score Distribution
Percent of People with Each Score
Percentile by Number Answered
Your Score History
You have not taken this quiz